[Event "SVK-chT2C 1112"]
[Site "Slovakia"]
[Date "2012.01.28"]
[Round "8.7"]
[White "Chyla, Jiri"]
[Black "Straka, Lubomir"]
[Result "1-0"]
[WhiteElo "1980"]
[BlackElo "1447"]
[PlyCount "55"]
[EventDate "2011.10.08"]
[EventType "team-tourn"]
[EventRounds "11"]
[EventCountry "SVK"]
[SourceTitle "EXT 2013"]
[Source "ChessBase"]
[SourceDate "2012.11.22"]
[SourceVersion "1"]
[SourceVersionDate "2012.11.22"]
[SourceQuality "1"]
[WhiteTeam "Jelsava"]
[BlackTeam "Cadca II"]
[WhiteTeamCountry "SVK"]
[BlackTeamCountry "SVK"]

1. e4 c6 2. d4 d5 3. Nc3 dxe4 4. Nxe4 Bf5 5. Ng3 Bg6 6. Nf3 Nd7 7. h4 h6 8. h5 Bh7 9. Bd3 Bxd3 10. Qxd3 Ngf6 11. Bf4 e6 12. 0-0-0 Be7 13. Ne4 Ng4 14. Bg3 f5 15. Ned2 0-0 16. Rde1 Rf6 17. Qb3 Kf7 18. Bh4 Nf8 19. Ne5+ Kg8 20. Nxg4 fxg4 21. Bxf6 Bxf6 22. c3 Qd7 23. f3 gxf3 24. gxf3 Re8 25. Ne4 Nh7 26. Rhg1 Ng5 27. Nxf6+ gxf6 28. f4 1-0